| 000 | 01031nam a22003617a 4500 | ||
|---|---|---|---|
| 003 | DO-SdBPM | ||
| 005 | 20250728143800.0 | ||
| 007 | ta | ||
| 008 | 0607211998 xx a 1 spa | ||
| 017 |
_a _b |
||
| 020 | _a0829721924 | ||
| 035 | _a | ||
| 040 |
_aDO-SdBPM _bspa _cBPMSU _e rda |
||
| 082 | 4 |
_a232.9 _bS919c 1998 _222 |
|
| 092 |
_axxx _bxxx _2 |
||
| 100 | 1 |
_aStrobel, Lee, _d1952- _eautor |
|
| 245 | 1 | 3 |
_aEl caso de Cristo : _buna investigación exhautiva / _cLee Strobel; traducción Lorena Loguzzo _h |
| 260 |
_a _b _c _e _f |
||
| 264 |
_aEstados Unidos : _bEditorial Vida, _c1998 |
||
| 300 |
_a563 páginas . ; _c23 cm. |
||
| 336 |
_atexto _btxt _2rdacontent |
||
| 337 |
_asin mediación _bn _2rdamedia |
||
| 338 |
_avolumen _bnc _2rdacarrier |
||
| 500 | _a | ||
| 500 | _a | ||
| 500 | _a | ||
| 590 | _aInventariado, 2025/VM | ||
| 600 | 1 | 4 |
_2Jesucristo _xEnseñanza. |
| 650 | 7 |
_aVida cristiana _2 |
|
| 910 | _aVMateo V. Control de calidad. BPMSU | ||
| 942 |
_2ddc _cBK |
||
| 980 |
_a _a _b _j _c |
||
| 999 |
_c15281 _d15281 |
||